The British: their religious beliefs and practices, 1800-1986
Saved in:
| Hovedforfatter: | |
|---|---|
| Format: | Bog |
| Sprog: | engelsk |
| Udgivet: |
Londres
Routledge
1988
|
| Fag: | |
| Tags: |
Tilføj Tag
Ingen Tags, Vær først til at tagge denne postø!
|
MARC
| LEADER | 00000cam a2200000 a 4500 | ||
|---|---|---|---|
| 001 | UCF5035 | ||
| 003 | CL-VaPUC | ||
| 008 | 130110e19880000UK |||||||||||||||||eng|d | ||
| 020 | |a 0415013003 | ||
| 082 | 0 | 4 | |a 291.0941 |b THO |2 21 |
| 100 | 0 | |a Thomas, Terence |e author |9 566750 | |
| 245 | 1 | 4 | |a The British: their religious beliefs and practices, 1800-1986 |
| 300 | |a 247 p | ||
| 942 | |c BK | ||
| 945 | |d 20130110 00:00:00 |a dcastane | ||
| 260 | |a Londres |b Routledge |c 1988 | ||
| 650 | 0 | |a Religión |9 255164 | |
| 650 | 7 | |a RELIGIOSIDAD |2 CL-VaPUC |9 394694 | |
| 651 | 0 | |a Gran Bretaña |9 256767 | |
| 583 | |a last modification |c 20130110 11:00:00 |k Rodrigo Vera | ||
| 999 | |c 350660 |d 350658 | ||
| 952 | |0 0 |1 0 |4 0 |6 291_094100000000000_THO_1988 |7 0 |8 P |9 454216 |a BIBEDU |b BIBEDU |c BIBEDU_PB |d 2019-11-22 |i 4841387 |o 291.0941 THO 1988 |p 4841387 |r 2024-01-25 |w 2019-11-22 |y BK |k LIT | ||